Hybrid Metaheuristics : 4th International Workshop,HM 2007, Dortmund, Germany, October 8-9, 2007, Proceedings /

Gorde:
Xehetasun bibliografikoak
Egile nagusia: Thomas Bartz-Beielstein, María José Blesa Aguilera, Christian Blum, Boris Naujoks, Andrea Roli, Günter Rudolph, Michael Sampels (edición)
Formatua: Liburua
Hizkuntza:ingelesa
Argitaratua: Berlín, Alemania : Springer, 2007, c2007
Saila:(Lecture Notes in Computer Science)
Sarrera elektronikoa:Ver documento en línea
Etiketak: Etiketa erantsi
Etiketarik gabe, Izan zaitez lehena erregistro honi etiketa jartzen!

MARC

LEADER 00000nam^a22000000a04500
001 000606194
009 20260418075310.885
020 |a 978-3-540-75514-2 
022 |a 1611-3349 
037 |a Acervo ITESO - Biblioteca 
041 |a ING 
082 |a Libro en línea 
100 |a Thomas Bartz-Beielstein, María José Blesa Aguilera, Christian Blum, Boris Naujoks, Andrea Roli, Günter Rudolph, Michael Sampels  |e (edición) 
245 |a Hybrid Metaheuristics :  |b 4th International Workshop,HM 2007, Dortmund, Germany, October 8-9, 2007, Proceedings / 
264 4 |a Berlín, Alemania :  |b Springer,  |c 2007, c2007 
264 2 |a Cham, Suiza :  |b Springer Link [distribución],  |c 2025 
300 |a 1 libro electrónico en línea (X, 201 p.) 
300 |a 1 recurso en línea 
336 |a datos para computadora  |b cod  |2 rdacontenido 
337 |a computadora  |b c  |2 rdamedio 
338 |a recurso en línea  |b cr  |2 rdasoporte 
440 |a (Lecture Notes in Computer Science) 
506 0 |a Licencias ilimitadas 
567 |a Catalogación rápida 
649 |a XX 
856 4 0 |u https://link-springer-com.ezproxy.iteso.mx/10.1007/978-3-540-75514-2  |y Ver documento en línea 
910 |a Fondo General 
920 |a Electrónicos - Libros en Línea 
930 |a Plataforma Digital 
905 |a 205 
902 |a https://opac.biblio.iteso.mx/vufind/Record/000606194